Women of Kenya (Record no. 1152)
[ view plain ]
| 000 -LEADER | |
|---|---|
| fixed length control field | 00274nam a22001097a 4500 |
| 008 - FIXED-LENGTH DATA ELEMENTS--GENERAL INFORMATION | |
| fixed length control field | 230619b xxu||||| |||| 00| 0 eng d |
| 082 ## - DEWEY DECIMAL CLASSIFICATION NUMBER | |
| Classification number | 016.30 |
| Item number | LIK |
| 100 ## - MAIN ENTRY--PERSONAL NAME | |
| Titles and words associated with a name | Muthoni Likimani |
| 245 ## - TITLE STATEMENT | |
| Title | Women of Kenya |
| Remainder of title | Fifteen years of independence |
| 300 ## - PHYSICAL DESCRIPTION | |
| Extent | 76p |
| 942 ## - ADDED ENTRY ELEMENTS (KOHA) | |
| Source of classification or shelving scheme | Dewey Decimal Classification |
| Koha item type | Books |
| Withdrawn status | Lost status | Source of classification or shelving scheme | Damaged status | Not for loan | Home library | Current library | Date acquired | Total Checkouts | Full call number | Barcode | Date last seen | Price effective from | Koha item type |
|---|---|---|---|---|---|---|---|---|---|---|---|---|---|
| Dewey Decimal Classification | Bunge Tower Library | Bunge Tower Library | 06/19/2023 | 016.30 LIK | 10010765 | 06/19/2023 | 06/19/2023 | Books |
